000 00801cam a22002653a 4500
001 11928
003 PGUSA
005 20140828083242.0
008 040401s2004||||xxu|||||s|||||000 1 eng d
040 _aPGUSA
_beng
042 _adc
050 4 _aPQ
100 1 _aHoussaye, Arsène,
_d1815-1896
245 1 0 _aLes douze nouvelles nouvelles
_h[electronic resource] /
_cArsène Houssaye
260 _bProject Gutenberg,
_c2004
506 _aPublic domain in the USA.
516 _aElectronic text
653 _aNobility -- Fiction
653 _aYoung men -- Fiction
653 _aYoung women -- Fiction
653 _aParis (France) -- Social life and customs -- 19th century -- Fiction
830 0 _aProject Gutenberg
_v11928
856 4 0 _uhttp://www.gutenberg.org/ebooks/11928
942 _cEB
999 _c241183
_d241183